00685nam a22001937a 4500003000900000008004100009020002200050040007100072082002000143100002100163245005800184260005900242300002700301440002900328505006700357650002700424650001200451700002800463AR-CdUCM190415b ||||| |||| 00| 0 spa d a978-9972-59-553-0 aMUNICIPALIDAD PROVINCIAL DEL CUSCOcBIBLIOTECA MUNICIPAL DEL CUSCO aEP / 803 /bD95 aDrazenovic, Tomy aJames Bartley :bEl secreto de la estrella del este / aLima :bCorporación gráfica Navarrete S.A.,c2014. a47 páginas ;c21 cm. aPiratas y navegantes.n5 aContenido :James Bartley, el secreto de la estrella del este . aHistorietas infantiles aCuentos aAyala, Gabriel y Mateo.